000 00498nam a2200205Ia 4500
005 20240823053143.0
008 240823s9999||||xx |||||||||||||| ||und||
020 _a978-1-4398-2414-6
041 _aENGLISH
082 _A006.31 Q5
100 _aSimon Rogers
245 2 _aA First Course in Machine Learning
250 _a1st
260 _c2015
_b"CRC Press,Boca "
500 _aYES
650 _aMachine Learning
_bMechanical
700 _a Mark Girolami
942 _cBK
999 _c223524
_d223524